Podmienky pre hospodársky a sociálny rozvoj regiónov
Vymedzenie základných podmienok pre hospodársky a sociálny rozvoj regiónov z pohľadu podpory inovačných aktivít a budovania výskumnej infraštruktúry.
Na minha lista:
| Autor principal: | |
|---|---|
| Formato: | Capítulo de Livro |
| Idioma: | eslovaco |
| Assuntos: | |
| Tags: |
Sem tags, seja o primeiro a adicionar uma tag!
|
MARC
| LEADER | 00000naa a2200000 4500 | ||
|---|---|---|---|
| 001 | 0184959 | ||
| 005 | 20220718121503.0 | ||
| 041 | 0 | |a slo | |
| 044 | |a SK | ||
| 245 | 1 | 0 | |a Podmienky pre hospodársky a sociálny rozvoj regiónov |c Jozef Habánik |
| 520 | |a Vymedzenie základných podmienok pre hospodársky a sociálny rozvoj regiónov z pohľadu podpory inovačných aktivít a budovania výskumnej infraštruktúry. | ||
| 610 | 2 | 0 | |a politika regionálna |
| 610 | 2 | 0 | |a rozvoj hospodársky |
| 610 | 2 | 0 | |a rozvoj sociálny |
| 610 | 2 | 0 | |a disparita |
| 610 | 2 | 0 | |a konkurencia |
| 100 | 1 | |a Habánik, Jozef | |